000 01096nas a2200337 4500
001 BR0200660
003 BR-BrBNA
005 20231205102741.0
007 ta
008 230509b bl.|||p| |||| 00| 00por d
040 _aBR-BrBNA
_bpor
_cBiblioteca Nacional de Agricultura
041 _a(Pt)
072 _aL10
100 1 _aLeivas, F.G.
100 1 _aBrum, D.S.
100 1 _aPozzobon, S.E.
100 1 _aFigueiro, G.M.
100 1 _aFülber, M.E.
100 1 _aBernardi, M.L.
100 1 _aRubin, M.I.B.
100 1 _aSilva, C.A.M.
111 1 _a14. Congresso Brasileiro de Reprodução Animal
_cBelo Horizonte, MG (Brazil)
_d1-5 Aug 2001
245 1 _aDesenvolvimento embrionário in vitro de oócitos bovinos mantidos em meio de maturação não gaseificado
650 _aBOVINO
650 _aEMBRIOGENESE
650 _aOVÁRIO
650 _aTRANSFERÊNCIA DE EMBRIÃO
773 0 _tRevista Brasileira de Reprodução Animal (Brazil)
_xISSN 0102-0803
_g(Jul-Sep 2001), v. 25(3) p. 414-415
_wBR0200660
909 _a202311
_bLúcia
_c55
_dLúcia Elande
942 _2AGRIS
_n0
_cANA
999 _c169143
_d169143